000 00568nam a2200205Ia 4500
001 22385
008 171109s1960 ii a g b000 u 465 u
082 _a332.4
100 _aMitra, Rabindra Nath .
245 0 _aA Tract on Money /
_cRabindra Nath Mitra & Himansu Roy.
_hTextual Documents
250 _a2nd ed. /
260 _aCalcutta :
_bThe World Press Pvt. ,
_c1960.
300 _a256p. :
_bill ;
_c22cm .
504 _aIndex
653 _aEconomics
653 _aT/G-Economics
653 _aMonetery Economics
700 _aRoy, Himansu .
942 _2ddc
_cBK
999 _c22367
_d22367